Praktikum z účtovníctva poľnohospodárskych podnikov učeb. pomôcka pre internú potrebu posl. VŠE časť 1. Základné účtovníctvo, riešené príklady

Podrobná bibliografia
Hlavný autor: Zajko, Otokar, 1929- (Autor)
Médium: Kniha
Jazyk:slovenčina
Fyzický popis:[2], 380 s. sch., tab. 4°
Vydavateľské údaje: Bratislava Vysoká škola ekonomická 1975
Vydanie:2. vyd.
Edícia:Vysokoškolské skriptá
Predmet:

MARC

LEADER 00000cam a2200000 a 4500
001 vtls008354181
003 SK-MaSNL
005 20260301075238.0
008 240314s1975 xo a e 000 0 slo
015 |a SKSNBA1975/09-02105 
035 |a SK01SNK19750046398 
035 |a SKM000048861 
040 |a SNK  |b slo  |c SNK  |e AACR2 
041 0 |a slo 
044 |a xo  |c SK 
080 |a 631:657(075.8)(076.5)  |2 1981 
080 |a 657:631(075.8)(076.5)  |2 1981 
100 1 |a Zajko, Otokar,  |d 1929-  |4 aut  |9 237682 
245 1 0 |a Praktikum z účtovníctva poľnohospodárskych podnikov  |b učeb. pomôcka pre internú potrebu posl. VŠE  |n časť 1.  |p Základné účtovníctvo, riešené príklady  |c Otokar Zajko 
246 3 0 |a Základné účtovníctvo, riešené príklady 
250 |a 2. vyd. 
260 |a Bratislava  |b Vysoká škola ekonomická  |c 1975 
300 |a [2], 380 s.  |b sch., tab.  |c 4° 
366 |e 100 výt. 
490 1 |a Vysokoškolské skriptá 
650 0 7 |a poľnohospodárske podniky  |2 SNKPH  |9 4194 
650 0 7 |a účtovníctvo  |2 SNKPH  |9 649 
655 7 |a učebnice vysokých škôl  |2 SNKPH  |9 70191 
655 7 |a praktické cvičenia  |2 SNKPH  |9 70517 
810 2 |a Vysoká škola ekonomická v Bratislave  |t Vysokoškolské skriptá  |9 222320 
958 |a OND 
958 |a RM 
958 |a RK 
958 |a UV 
999 |c 649596  |d 651526 
952 |a SNK  |b SNK  |y PREZ  |7 0  |p 17A0924310  |o snkSB 22541/1  |i snkKSP 6193/75  |0 0  |1 0  |4 0  |d 2014-06-16  |f 1  |l 0  |r 2025-03-26 00:00:00  |w 2026-02-23 
952 |a SNK  |b SNK  |y VYP  |7 0  |o snkSB 22541/1 D1  |i snkKSP 6194/75  |0 0  |1 0  |4 0  |d 2014-06-16  |l 0  |r 2026-02-23 18:18:41  |w 2026-02-23